| 000 | 00520nam a2200181Ia 4500 | ||
|---|---|---|---|
| 003 | GCL | ||
| 008 | 140319s9999 xx 000 0 eng d | ||
| 040 |
_aGCL / _cGCL |
||
| 082 | 0 | 4 |
_a519.5 _bG B |
| 100 | 1 | _aSHANNON, POTRICK W | |
| 245 | 1 | 0 |
_aBUSINESS STAISTICS: A DECISON MAKING APPROACH / _cSHANNON, POTRICK W |
| 700 | 1 | _aGROEBNER DAVID F. | |
| 260 |
_a[S.N] : _bMACMILLAN PUBLBISHING COMPANY ، _c1993 |
||
| 300 | _a1119 P | ||
| 650 | 0 | 4 | _aSTATISTCAL DECISION |
| 650 | 0 | 4 | _aCOMMERCIAL STATISTICS |
| 942 |
_2ddc _cBK |
||
| 999 |
_c23896 _d23896 |
||